Statistics for US States: Spot the Mistakes

Click here to take the quiz!

General Stats

  • This quiz has been taken 45 times
  • The average score is 8 of 16

Answer Stats

HintAnswer% Correct
Topeka is the capital of KansasKansas City
76%
Someone from Virginia is called a Virgin
76%
California does not share a border with UtahUtah
74%
The Mississippi River does not flow through NevadaMississippi River
65%
Portland is the largest city of MaineBrunswick
56%
Ravens are from Baltimore, MDRavens
56%
Sabres are from Buffalo, NYSabres
56%
Mountain State is the nickname of West VirginiaMountain State
53%
Someone from Pennsylvania is called a PennsylvanianPennsylvania Dutch
47%
Someone from Wisconsin is called a WisconsiniteWisconsian
47%
Nevada does not share a border with WyomingWyoming
47%
Colorado river does not flow through AlabamaColorado River
44%
Houston is the largest city in TexasSan Antonio
44%
It is The Lone Star StateThe Lone Star Land
38%
Someone from Alabama is called an AlabamianAlabaman
29%
Sioux Falls is the largest city in South DakotaSioux City
29%

Score Distribution

Percentile by Number Answered

Percent of People with Each Score

Your Score History

You have not taken this quiz